| 000 | 00410nam a2200133 a 4500 | ||
|---|---|---|---|
| 001 | 000038530 | ||
| 005 | 20201002031304.0 | ||
| 008 | 130412s2001 dr 000 0 spa d | ||
| 040 |
_aDO-SdBNP _bspa _cBNPHU |
||
| 100 | 1 |
_aRosario L., Lucila, Del _964875 |
|
| 245 | 1 | 0 |
_aTécnicas de autosuperación personal y grupal / _cLucila, Del Rosario L. |
| 260 |
_aSanto Domingo : _bIDSS, _c2001. |
||
| 300 |
_a29 p. ; _c14 cm. |
||
| 999 |
_c38020 _d38020 |
||